000 01160cam a22003617a 4500
003 CHAP
005 20220329142411.0
008 001123d1994 mx o r 00110 spa d
010 _a82933
011 _a83905
035 _a94424
040 _cCHAP
090 _aFolleto 16093
100 0 0 _aShelby, Bo,
_bcomp.
_9105591
245 1 0 _aManagement and biological conservation
_c/compiled by Shelby and Sandie Arbogast
260 _aCorvallis, Oregon :
_bOregon State University. College of Forestry,
_c(1994).
300 _a44 p. :
_bfots.
490 0 _a1994 Starker Lectures
590 _aBATCH-UPD
_b10
_c20130110
_lUCH01
_h0431
590 _aBATCH-UPD
_b10
_c20130110
_lUCH01
_h2111
590 _aBATCH-UPD
_b10
_c20130410
_lUCH01
_h0107
590 _aBATCH-UPD
_b10
_c20130914
_lUCH01
_h1229
590 _aCONVERSION
_b10
_c20130109
_lUCH01
_h1346
650 1 4 _aEcologĂ­a.
_935134
650 1 4 _aEcosistema.
_935290
650 1 4 _aMedio ambiente.
_974065
700 0 _aArbogast, Sandi,
_96560
830 0 0 _a1994 Starker Lectures
_959
901 _aBK
905 _aEdna Luz
942 _cFOLL
949 _aFolleto 16093
_bBC
_cFOLL
_d94424
_eTS1
_i94424
_sb
999 _c82933
_d82933